Govt. of
Madhya Pradesh

The Legal Framework (Record no. 32227)

MARC details
000 -LEADER
fixed length control field 002930000a22001450004500
003 - CONTROL NUMBER IDENTIFIER
control field MACL
040 ## - CATALOGING SOURCE
Original cataloging agency MACL
090 ## - LOCALLY ASSIGNED LC-TYPE CALL NUMBER (OCLC); LOCAL CALL NUMBER (RLIN)
-- 32560
-- 32558
100 ## - MAIN ENTRY--PERSONAL NAME
Personal name Bradley, K R
245 ## - TITLE STATEMENT
Title The Legal Framework
260 ## - PUBLICATION, DISTRIBUTION, ETC. (IMPRINT)
Name of publisher, distributor, etc. Holt Business taxts
350 ## - PRICE (NR) (BK AM CF MU VM SE) [OBSOLETE]
Price 358
650 ## - SUBJECT ADDED ENTRY--TOPICAL TERM
Topical term or geographic name as entry element Law
942 ## - ADDED ENTRY ELEMENTS (KOHA)
Koha item type Library Membar
Call number prefix 340/Bra
Holdings
Withdrawn status Lost status Damaged status Not for loan Home library Current library Date acquired Total Checkouts Full call number Barcode Date last seen Uniform Resource Identifier Price effective from Koha item type
        MACL MACL 15/04/2015   340/Bra BOOK CLC3960 29/04/2015 32282 15/04/2015 Books